000 01398cam a2200229 4500
001 J125729
008 111205n2004 000 0 eng u
035 _a(Sirsi) u125729
041 _aeng
050 _a333.332
_c18
110 _aUnited Kingdom
_bOffice of the Deputy Prime Minister
245 _aAnalysis of responses to reforming the home buying and selling process in England and Wales
_bthe home information pack in low demand low value areas - a consultation paper
260 _aLondon
_bODPM
_c2004
520 _aThis report examines the 42 responses to the consultation paper "Reforming the home buying and selling process in England and Wales - the home information pack in low demand low value areas" (J122728), which looked at the practical application of a home information pack in low demand low value areas. The responses should be read in conjunction with the responses to the content of the home information pack consultation paper (J125728). View at www.dclg.gov.uk
650 _aHOME INFORMATION PACKS
650 _aPROPERTY-RESIDENTIAL PROPERTY-ACQUISITION AND DISPOSAL OF RESIDENTIAL PROPERTY
650 _aLOW VALUE PROPERTY
690 _aPROPERTY-RESIDENTIAL PROPERTY-RESIDENTIAL PROPERTY MARKET
710 _aSPARK Research
_94386
856 _uhttps://www.communities.gov.uk/documents/housing/rtf/157062.rtf
_zView the report on the DCLG website...
942 _n0
999 _c103457
_d103457